000 00507nam a2200133Ia 4500
008 160809s9999 xx 000 0 und d
100 _aHadadian, Azar.
245 2 _aA FIELD-BASED DEAF EDUCATION TEACHER TRAINING MODEL: DOES IT MAKE A DIFFERENCE?
245 _cAzar Hadadian Kourtland Koch John Merbler Ball State University.
260 _bInternational Journal of Special Education
260 _c2012
650 _xSPECIAL EDUCATION
856 _uhttp://www.internationaljournalofspecialed.com/issues.php
999 _c300365
_d300365